00475nam a2200157Ia 450000500170000000800460001702000180006303700120008104000210009304100130011408400190012710000240014624500860017026000490025630000120030520250508162513.0008 250505s9999 xx 000 0 eng d a0-521-26968-7 aTextual aFEDL bengcFEDL aeng2eng a418, BRUqFEDL aBrumfit Christopher 0aCommunicative methodology in language teaching: The roles of fluency and accuracy aCambridge bCambridge University Pressc1984 ax,166p.